Metodología de la aritmética elemental (Record no. 38719)

MARC details
000 -CABECERA
campo de control de longitud fija 00848nam a2200241 a 4500
003 - IDENTIFICADOR DEL NÚMERO DE CONTROL
campo de control MX-MxUPN
005 - FECHA Y HORA DE LA ÚLTIMA TRANSACCIÓN
campo de control 20240807063745.0
008 - ELEMENTOS DE LONGITUD FIJA--INFORMACIÓN GENERAL
campo de control de longitud fija 991125s1930 cu r 000 0 spa d
035 ## - NÚMERO DE CONTROL DEL SISTEMA
Número de control de sistema UPN01000038719
040 ## - FUENTE DE LA CATALOGACIÓN
Centro catalogador/agencia de origen MX-MxUPN
Lengua de catalogación spa
Centro/agencia transcriptor MX-MxUPN
041 0# - CÓDIGO DE IDIOMA
Código de lengua del texto/banda sonora o título independiente spa
050 14 - SIGNATURA TOPOGRÁFICA DE LA BIBLIOTECA DEL CONGRESO
Número de clasificación QA135
Número de documento/Ítem P4.5
100 1# - ASIENTO PRINCIPAL--NOMBRE PERSONAL
Nombre de persona Pérez Somossa, J. Elpidio
9 (RLIN) 52860
245 10 - MENCIÓN DE TÍTULO
Título Metodología de la aritmética elemental
260 ## - PUBLICACIÓN, DISTRIBUCIÓN, ETC.
Lugar de publicación, distribución, etc. La Habana :
Nombre del editor, distribuidor, etc. Cultural,
Fecha de publicación, distribución, etc. 1930.
300 ## - DESCRIPCIÓN FÍSICA
Extensión 305 páginas
500 ## - NOTA GENERAL
Nota general Ejemplar numerado (293) y firmado por el autor.
650 #4 - ASIENTO SECUNDARIO DE MATERIA - TERMINO TEMATICO
Término de materia o nombre geográfico como elemento de entrada Aritmética
Subdivisión general Estudio y enseñanza
9 (RLIN) 7853
650 #4 - ASIENTO SECUNDARIO DE MATERIA - TERMINO TEMATICO
Término de materia o nombre geográfico como elemento de entrada Aritmética
Subdivisión general Metodología
9 (RLIN) 7859
710 1# - ASIENTO SECUNDARIO - NOMBRE CORPORATIVO
Nombre de entidad corporativa o nombre de jurisdicción como elemento de entrada México.
Unidad subordinada Secretaría de Educación Pública.
-- Biblioteca Pública
9 (RLIN) 51349
Término indicativo de función/relación propietario anterior
710 2# - ASIENTO SECUNDARIO - NOMBRE CORPORATIVO
Nombre de entidad corporativa o nombre de jurisdicción como elemento de entrada Museo Pedagógico Nacional (México)
9 (RLIN) 51335
Término indicativo de función/relación propietario anterior
942 ## - ELEMENTOS DE PUNTO DE ACCESO ADICIONAL (KOHA)
Fuente del sistema de clasificación o colocación Library of Congress Classification
Tipo de ítem Koha Libro
Holdings
Estado de retiro Estado de pérdida Fuente del sistema de clasificación o colocación Estado dañado No para préstamo Código de colección Localización permanente Ubicación/localización actual Ubicación en estantería Fecha de adquisición Clasificación Código de barras Fecha visto por última vez Tipo de ítem Koha Nota pública
    Library of Congress Classification   Disponible (Previa cita) Fondo Reservado de libros Bib. Gregorio Torres Quintero Bib. Gregorio Torres Quintero Sala de Fondos Reservados Planta alta 13/09/2022 QA135 P4.5 43977 31/12/2020 Libro Ejemplar con sello de la Biblioteca Pública de la SEP y de la Biblioteca del Museo Pedagógico Nacional